Where’s “Waldo” - Sudden Death! - Statistics

General Stats
  • This quiz has been taken 13,139 times
  • The average score is 9 of 10
Answers on the Grid
Answers color-coded by a green-red scale on the quiz's grid according to % correct below.
Waldo
Waldo
Waldo
Waldo
Waldo
Waldo
Waldo
Waldo
Waldo
Waldo
Wolda
Waddo
Waido
Woddo
Walda
Maldo
Valdo
VValdo
Walldad
Wanda
Waldorf
Wazoo
Wahoo
Steve
Wuldo
Wally
Wumbo
Wampa
Moldy
Windy
Wandy
Walloon
Wallonia
Wendigo
Waggy
Walolo
 
Answer Stats
Answer % Correct
Waldo
87%
Waldo
87%
Waldo
87%
Waldo
87%
Waldo
86%
Waldo
86%
Waldo
86%
Waldo
86%
Waldo
86%
Waldo
85%
No matching quizzes found
Score Distribution
Percent of People with Each Score
Percentile by Number Answered
Your Score History
You have not taken this quiz